Let k milionům pod křídly Amway

Multi-level marketing (MLM) a ako funguje. Ako si vybrať správny MLM. Jedinou investíciou, ktorú do tohoto podnikania človek vnáša, je jeho osobnosť. MLM - podnikanie s minimálnymi nákladmi.

Salvato in:
Dettagli Bibliografici
Autore principale: Chlouba, Martin
Natura: Capitolo di libro
Lingua:ceco
Soggetti:
Tags: Aggiungi Tag
Nessun Tag, puoi essere il primo ad aggiungerne!!

MARC

LEADER 00000naa$a2200000$$$4500
001 0094710
005 20230804111534.6
041 0 |a cze 
044 |a CZ 
245 1 0 |a Let k milionům pod křídly Amway  |c Martin Chlouba 
520 |a Multi-level marketing (MLM) a ako funguje. Ako si vybrať správny MLM. Jedinou investíciou, ktorú do tohoto podnikania človek vnáša, je jeho osobnosť. MLM - podnikanie s minimálnymi nákladmi. 
610 2 0 |a marketing 
610 2 0 |a predaj priamy 
610 2 0 |a podnikatelia 
610 2 0 |a úspech pracovný 
610 2 0 |a investície 
100 1 |a Chlouba, Martin